Quiz wiedzy o piłce nożnej - Statystyki

Ogólne statystyki
  • Ten quiz został rozwiązany 1 028 razy
  • Średni wynik to 10 z 15
Statystyki odpowiedzi
Zagadnienie Odpowiedź % Poprawnych
Gospodarz/e ME 2020? Kilka krajów Europy
88%
Najwięcej tytułów MŚ i statuetek Julesa Rimeta ma? Brazylia
85%
"Królem Futbolu" nazywany jest? Edson Narastes do Nascimento "Pele"
84%
Jedynym francuskim klubem ze zwycięstwem w LM jest? Oympique Marseille
82%
Który niedoszły piłkarz Cardiff City zmarł w tym roku? [*] Emiliano Sala
78%
Anglików na Wembley zatrzymał? Jan Tomaszewski
68%
"El Matador" to ksywka? Edinsona Cavaniego
67%
Widzew Łódż obecnie gra w? II lidze
66%
Najlepszym strzelcem w historii Premier League jest? Alan Shearer
65%
Jedynym Białorusinem grający/ym w Barcelonie był? Aleksandr Hleb
64%
Finał Ligi Europy odbędzie się w? Baku
63%
Roulette to sztuczka piłkarska wykonana pierwszy raz przez? Zinedine Zidana
56%
Piłkarz który strzelił gola przeciwko Polakom w "wodnym meczu" Gerd Muller
51%
Kim obecnie jest Ryan Giggs? Trenerem reprezentacji Walli
51%
Piersze ME wygrała? ZSRR
46%
Nie znaleziono quizów pasujących do podanych kryteriów
Rozkład punktacji
Procent ludzi z każdym wynikiem
Percentyl według liczby udzielonych odpowiedzi
Twoja historia wyników
Nie rozwiązałeś tego quizu